Select cases and other authorities on the law of trusts
Saved in:
| Hovedforfatter: | |
|---|---|
| Format: | Bog |
| Sprog: | engelsk |
| Udgivet: |
Boston
Little, Brown
1966
|
| Udgivelse: | 4a. ed |
| Fag: | |
| Tags: |
Tilføj Tag
Ingen Tags, Vær først til at tagge denne postø!
|
MARC
| LEADER | 00000nam a2200000 a 4500 | ||
|---|---|---|---|
| 001 | UCV0828 | ||
| 003 | CL-VaPUC | ||
| 008 | 890510e19660000US |||||||||||||||||eng|d | ||
| 082 | 0 | 4 | |a 340.08 |b SCO |2 21 |
| 100 | 0 | |a Scott, Austin Wakeman |e author |9 295142 | |
| 245 | 1 | 0 | |a Select cases and other authorities on the law of trusts |
| 246 | 1 | 0 | |a The law of trusts |
| 250 | |a 4a. ed | ||
| 300 | |a 984 p | ||
| 942 | |c BK | ||
| 945 | |d 19890510 00:00:00 | ||
| 260 | |a Boston |b Little, Brown |c 1966 | ||
| 650 | 7 | |a JURISPRUDENCIA MERCANTIL |2 CL-VaPUC |9 255548 | |
| 650 | 0 | |a Monopolios |9 255549 | |
| 650 | 0 | |a Derecho y legislación |9 255077 | |
| 651 | 0 | |a Estados Unidos |9 255178 | |
| 583 | |a last modification |c 19890510 00:00:00 |k Rodrigo Vera | ||
| 999 | |c 209022 |d 209020 | ||
| 952 | |0 0 |1 0 |4 0 |6 340_080000000000000_SCO_1966 |7 0 |8 A |9 184125 |a BIBDER |b BIBDER |d 2019-11-14 |i 251284K |o 340.08 SCO 1966 |p 251284K |r 2023-01-25 |w 2019-11-14 |y BK |k DER | ||